| 000 | 00847nam a22002177a 4500 | ||
|---|---|---|---|
| 003 | OSt | ||
| 005 | 20150408114112.0 | ||
| 008 | 130129s2012 jo a f b 00| 0 ara d | ||
| 020 | _a9789957119881 | ||
| 040 |
_aMU _bara |
||
| 082 | 0 | 4 |
_221 _a657.0285 _bط م ن |
| 100 | 1 |
_aالطائي، محمد عبد حسين آل فرج _93237 |
|
| 245 | 1 | 0 |
_aنظم المعلومات المحاسبية / _cتأليف محمد عبد حسين آل فرج الطائي، رأفت سلامة محمود سلامة. |
| 250 | _aط. 1. | ||
| 260 |
_aعمان، الأردن : _bدار وائل، _c2012. |
||
| 300 |
_a448 ص. : _bجداول ؛ _c24 سم. |
||
| 504 | _aببليوجرافية : ص. 441-448. | ||
| 650 | 4 |
_aنظم المعلومات المحاسبية. _93227 |
|
| 700 | 1 |
_aسلامة، رأفت سلامة محمود _920092 |
|
| 942 |
_2ddc _cDVD |
||
| 999 |
_c27207 _d261707 |
||